[Event "SRB-chT 1st League CS"]
[Site "Banja Vrujci"]
[Date "2022.10.05"]
[Round "7.3"]
[White "Ilic, Dragan M"]
[Black "Colovic, Dusan"]
[Result "1/2-1/2"]
[WhiteElo "2288"]
[BlackElo "2273"]
[PlyCount "23"]
[EventDate "2022.10.01"]
[EventType "team-tourn"]
[EventRounds "11"]
[EventCountry "SRB"]
[SourceTitle "CBM 210 Extra"]
[Source "ChessBase"]
[SourceDate "2022.11.30"]
[SourceVersion "1"]
[SourceVersionDate "2022.11.30"]
[SourceQuality "1"]
[WhiteTeam "Valjevo Krusik"]
[BlackTeam "Gornji Milanovac Metalac"]
[WhiteTeamCountry "SRB"]
[BlackTeamCountry "SRB"]

1. d4 d5 2. Nf3 Nf6 3. c4 e6 4. Nc3 Be7 5. Bg5 0-0 6. Rc1 c6 7. e3 Nbd7 8. Qc2 dxc4 9. Bxc4 Nd5 10. Bxe7 Qxe7 11. 0-0 Nxc3 12. Qxc3 1/2-1/2

[Event "SRB-chT 1st League CS"]
[Site "Banja Vrujci"]
[Date "2022.10.04"]
[Round "5.2"]
[White "Colovic, Dusan"]
[Black "Ristic, Nebojsa M"]
[Result "1/2-1/2"]
[WhiteElo "2273"]
[BlackElo "2343"]
[PlyCount "38"]
[EventDate "2022.10.01"]
[EventType "team-tourn"]
[EventRounds "11"]
[EventCountry "SRB"]
[SourceTitle "CBM 210 Extra"]
[Source "ChessBase"]
[SourceDate "2022.11.30"]
[SourceVersion "1"]
[SourceVersionDate "2022.11.30"]
[SourceQuality "1"]
[WhiteTeam "Gornji Milanovac Metalac"]
[BlackTeam "Kostolac Rudar"]
[WhiteTeamCountry "SRB"]
[BlackTeamCountry "SRB"]

1. Nf3 c5 2. g3 Nc6 3. Bg2 d5 4. d4 Nf6 5. 0-0 Bg4 6. dxc5 e6 7. c4 Bxc5 8. cxd5 Qxd5 9. Nc3 Qxd1 10. Rxd1 h6 11. h3 Bf5 12. Bf4 0-0 13. Bd6 Bxd6 14. Rxd6 Rfd8 15. Rad1 Rxd6 16. Rxd6 Ne4 17. Nxe4 Bxe4 18. Nd4 Bxg2 19. Kxg2 Rd8 1/2-1/2

[Event "Novi Sad Serbia op-A"]
[Site "Novi Sad"]
[Date "2022.06.28"]
[Round "1"]
[White "Dudin, Gleb"]
[Black "Colovic, Dusan"]
[Result "1-0"]
[WhiteElo "2500"]
[BlackElo "2271"]
[PlyCount "73"]
[EventDate "2022.06.28"]
[EventType "swiss"]
[EventRounds "9"]
[EventCountry "SRB"]
[SourceTitle "EXT 2023"]
[Source "ChessBase"]
[SourceDate "2022.10.05"]
[SourceVersion "1"]
[SourceVersionDate "2022.10.05"]
[SourceQuality "1"]

1. d4 d5 2. c4 e6 3. Nf3 a6 4. Nbd2 Nf6 5. g3 c5 6. cxd5 exd5 7. dxc5 Bxc5 8. Nb3 Ba7 9. Bg2 Nc6 10. 0-0 0-0 11. Nbd4 Re8 12. b3 Nxd4 13. Nxd4 Bg4 14. Nf3 Ne4 15. Bb2 Rc8 16. Qd3 Bf5 17. Nh4 Qd7 18. Nxf5 Qxf5 19. Bf3 h5 20. Rad1 h4 21. Qxd5 Qxd5 22. Rxd5 hxg3 23. hxg3 Nxg3 24. Re1 Ne4 25. e3 Rc2 26. Re2 Rc7 27. Kg2 f6 28. Bh5 g6 29. Bf3 Kf7 30. Rd1 Kg7 31. Rh1 Rc5 32. Rh4 Nd6 33. Rd2 Bb8 34. Ba3 Rg5+ 35. Kf1 Re6 36. Rhd4 Nb5 37. Rd7+ 1-0

[Event "SRB-chT 1st League CS"]
[Site "Bajina Basta"]
[Date "2021.09.27"]
[Round "2.6"]
[White "Djakovac, Enes"]
[Black "Colovic, Dusan"]
[Result "0-1"]
[WhiteElo "2161"]
[BlackElo "2239"]
[PlyCount "84"]
[EventDate "2021.09.26"]
[EventType "team-tourn"]
[EventRounds "11"]
[EventCountry "SRB"]
[SourceTitle "EXT 2023"]
[Source "ChessBase"]
[SourceDate "2022.10.05"]
[SourceVersion "1"]
[SourceVersionDate "2022.10.05"]
[SourceQuality "1"]
[WhiteTeam "Kraljevo Sloga"]
[BlackTeam "Gornji Milanovac Metalac"]
[WhiteTeamCountry "SRB"]
[BlackTeamCountry "SRB"]

1. e4 d6 2. Nf3 Nf6 3. Nc3 g6 4. Bc4 Bg7 5. 0-0 0-0 6. Re1 Nc6 7. d4 Bg4 8. Be2 Bxf3 9. Bxf3 e5 10. dxe5 Nxe5 11. Be2 Re8 12. f4 Ned7 13. Bf3 Nc5 14. g4 a5 15. g5 Nfd7 16. Kg2 a4 17. a3 Nb6 18. Rb1 c6 19. Be3 Ne6 20. Qd3 Qc7 21. f5 Nc5 22. Qf1 Nbd7 23. f6 Bf8 24. h4 Ne5 25. h5 Ne6 26. Rbd1 Ra5 27. Be2 gxh5 28. Qf2 Ng6 29. Bxh5 Re5 30. Bxg6 fxg6 31. Bf4 Nxf4+ 32. Qxf4 Qf7 33. Rh1 h5 34. Rh4 Rc5 35. Rd3 Ree5 36. Rg3 Qe6 37. Kh2 d5 38. Rxh5 gxh5 39. g6 Rxc3 40. bxc3 Rxe4 41. f7+ Kg7 42. Qb8 Re2+ 0-1

[Event "SRB-chT 1st League"]
[Site "Bajina Basta"]
[Date "2019.09.19"]
[Round "9.6"]
[White "Manic, Ljubomir"]
[Black "Colovic, Dusan"]
[Result "1/2-1/2"]
[WhiteElo "2114"]
[BlackElo "2257"]
[PlyCount "95"]
[EventDate "2019.09.13"]
[EventType "team-tourn"]
[EventRounds "11"]
[EventCountry "SRB"]
[SourceTitle "CBM 195 Extra"]
[Source "ChessBase"]
[SourceDate "2020.05.31"]
[SourceVersion "1"]
[SourceVersionDate "2020.05.31"]
[SourceQuality "1"]
[WhiteTeam "Pirot Progres"]
[BlackTeam "Metalac"]
[WhiteTeamCountry "SRB"]
[BlackTeamCountry "SRB"]

1. Nf3 d6 2. d4 Bg4 3. c4 g6 4. Nbd2 Bg7 5. h3 Bc8 6. e4 e5 7. dxe5 dxe5 8. b3 Ne7 9. Be2 0-0 10. 0-0 Nec6 11. Bb2 Nd4 12. c5 Nbc6 13. Nxd4 exd4 14. Nc4 Qe7 15. Bf3 Be6 16. Rc1 Rfd8 17. Re1 Ne5 18. Nxe5 Bxe5 19. Qd3 Qg5 20. Rc2 c6 21. Bc1 Qh4 22. Rd1 Rd7 23. Re2 Qe7 24. Rc2 Rad8 25. Bg4 Bxg4 26. hxg4 Qe6 27. f4 Bc7 28. Qf3 Re8 29. Re2 b6 30. Ba3 bxc5 31. Bxc5 Bb6 32. Bxb6 axb6 33. e5 Qd5 34. Kf2 c5 35. Qxd5 Rxd5 36. g5 Kg7 37. Kf3 h6 38. gxh6+ Kxh6 39. g3 Kg7 40. Rh1 b5 41. Rc1 Red8 42. Rec2 d3 43. Rd2 f6 44. exf6+ Kxf6 45. Rc3 g5 46. a4 gxf4 47. gxf4 bxa4 48. bxa4 1/2-1/2

[Event "Belgrade ChessAmateur op 5th"]
[Site "Belgrade"]
[Date "2019.01.04"]
[Round "1"]
[White "Djukic, Sandra"]
[Black "Colovic, Dusan"]
[Result "0-1"]
[WhiteElo "2174"]
[BlackElo "2324"]
[PlyCount "67"]
[EventDate "2019.01.04"]
[EventType "swiss"]
[EventRounds "9"]
[EventCountry "SRB"]
[SourceTitle "CBM 188 Extra"]
[Source "ChessBase"]
[SourceDate "2019.02.26"]
[SourceVersion "1"]
[SourceVersionDate "2019.02.26"]
[SourceQuality "1"]

1. d4 d6 2. Nf3 g6 3. c4 Bg7 4. Nc3 Bg4 5. h3 Bxf3 6. exf3 c5 7. d5 Nf6 8. g4 h5 9. g5 Nfd7 10. f4 Bxc3+ 11. bxc3 Qa5 12. Qc2 Nb6 13. a4 N8d7 14. Bd2 0-0-0 15. Be2 Rhe8 16. 0-0 e6 17. dxe6 Rxe6 18. Bf3 Nxc4 19. Rfb1 Ndb6 20. Rb5 Qa6 21. Rab1 Na3 22. Qb2 Nxb1 23. Qxb1 Qxa4 24. Kg2 Rde8 25. c4 Qxc4 26. Ba5 d5 27. f5 gxf5 28. Rb2 Qa4 29. Qxf5 Rg8 30. Bd2 Qd4 31. Qxf7 Reg6 32. Bf4 Rxg5+ 33. Kh2 R5g7 34. Qe6+ 0-1

[Event "Novi Sad TS IM 84th"]
[Site "Novi Sad"]
[Date "2018.11.12"]
[Round "6"]
[White "Lajthajm, Borko"]
[Black "Colovic, Dusan"]
[Result "1/2-1/2"]
[WhiteElo "2407"]
[BlackElo "2321"]
[PlyCount "20"]
[EventDate "2018.11.09"]
[EventType "tourn"]
[EventRounds "9"]
[EventCountry "SRB"]
[EventCategory "1"]
[SourceTitle "CBM 187 Extra"]
[Source "ChessBase"]
[SourceDate "2018.11.04"]
[SourceVersion "1"]
[SourceVersionDate "2018.11.04"]
[SourceQuality "1"]

1. d4 d5 2. c4 c6 3. Nc3 Nf6 4. Nf3 e6 5. cxd5 exd5 6. Qc2 Be7 7. Bf4 0-0 8. e3 Re8 9. Bd3 h6 10. h3 Be6 1/2-1/2

[Event "SRB-chT Central"]
[Site "Kragujevac"]
[Date "2018.09.19"]
[Round "8.6"]
[White "Dudukovic, Nikola"]
[Black "Colovic, Dusan"]
[Result "1/2-1/2"]
[WhiteElo "2404"]
[BlackElo "2296"]
[PlyCount "20"]
[EventDate "2018.09.14"]
[EventType "team-tourn"]
[EventRounds "11"]
[EventCountry "SRB"]
[SourceTitle "CBM 186 Extra"]
[Source "ChessBase"]
[SourceDate "2018.08.24"]
[SourceVersion "1"]
[SourceVersionDate "2018.08.24"]
[SourceQuality "1"]
[WhiteTeam "Petrovac Sloga"]
[BlackTeam "Sabac"]
[WhiteTeamCountry "SRB"]
[BlackTeamCountry "SRB"]

1. Nf3 Nf6 2. g3 d5 3. d4 e6 4. Bg2 Be7 5. 0-0 0-0 6. c4 c6 7. b3 Nbd7 8. Bb2 b6 9. Nbd2 Bb7 10. Bc1 Nb8 1/2-1/2

[Event "SRB-chT Central"]
[Site "Kragujevac"]
[Date "2018.09.18"]
[Round "6.5"]
[White "Cvetanovic, Uros"]
[Black "Colovic, Dusan"]
[Result "1-0"]
[WhiteElo "2295"]
[BlackElo "2296"]
[PlyCount "77"]
[EventDate "2018.09.14"]
[EventType "team-tourn"]
[EventRounds "11"]
[EventCountry "SRB"]
[SourceTitle "CBM 186 Extra"]
[Source "ChessBase"]
[SourceDate "2018.08.24"]
[SourceVersion "1"]
[SourceVersionDate "2018.08.24"]
[SourceQuality "1"]
[WhiteTeam "Paracin"]
[BlackTeam "Sabac"]
[WhiteTeamCountry "SRB"]
[BlackTeamCountry "SRB"]

1. e4 g6 2. d4 Bg7 3. Nc3 d6 4. f4 Nc6 5. Be3 Nf6 6. Nf3 d5 7. e5 Ng4 8. Bg1 0-0 9. h3 Nh6 10. g4 f6 11. Bg2 fxe5 12. fxe5 e6 13. Be3 Na5 14. Bg5 Qe8 15. 0-0 Nf7 16. Bf6 Bxf6 17. exf6 Nc4 18. Qc1 Qd8 19. b3 Ncd6 20. Qf4 c6 21. a4 Bd7 22. Rae1 Re8 23. Ne5 Nxe5 24. dxe5 Nf7 25. h4 Qb6+ 26. Kh2 a5 27. g5 Qb4 28. Qg3 Qc5 29. Re2 Kh8 30. Nd1 b5 31. Rf4 Rg8 32. Nf2 Qb6 33. Nh3 bxa4 34. bxa4 Qc7 35. h5 gxh5 36. Rh4 Nh6 37. Rxh5 Nf5 38. g6 Be8 39. f7 1-0

[Event "Paracin Summer op-A 11th"]
[Site "Paracin"]
[Date "2018.07.09"]
[Round "4"]
[White "Colovic, Dusan"]
[Black "Vaishali, Ramesh Babu"]
[Result "1-0"]
[WhiteElo "2279"]
[BlackElo "2337"]
[PlyCount "91"]
[EventDate "2018.07.06"]
[EventType "swiss"]
[EventRounds "9"]
[EventCountry "SRB"]
[SourceTitle "CBM 185 Extra"]
[Source "ChessBase"]
[SourceDate "2018.07.29"]
[SourceVersion "1"]
[SourceVersionDate "2018.07.29"]
[SourceQuality "1"]

1. e4 c5 2. Nf3 d6 3. Bb5+ Nd7 4. Ba4 Ngf6 5. d3 e6 6. 0-0 Be7 7. Re1 0-0 8. c3 a6 9. Bc2 b5 10. Nbd2 Bb7 11. Nf1 Qc7 12. Ng3 Rfe8 13. a4 Bf8 14. h3 e5 15. Nf5 c4 16. Bg5 h6 17. Bxf6 Nxf6 18. d4 g6 19. Ng3 Bg7 20. Qd2 Nd7 21. Red1 Rad8 22. b4 d5 23. axb5 axb5 24. Re1 dxe4 25. Bxe4 Bxe4 26. Rxe4 f5 27. Ree1 e4 28. Nh4 Qc6 29. Ra7 Qf6 30. Nhxf5 gxf5 31. Qf4 Rf8 32. h4 Rf7 33. Rea1 Nb6 34. Nh5 Qg6 35. Rxf7 Qxf7 36. Nxg7 Kxg7 37. Ra6 Qb7 38. Qe5+ Kf7 39. Qxf5+ Kg7 40. Qxb5 Rd6 41. Qa5 Qc6 42. Qe5+ Rf6 43. b5 Qe6 44. Ra7+ Kg8 45. Qb8+ Nc8 46. Ra6 1-0

[Event "Novi Sad TS 59th"]
[Site "Novi Sad"]
[Date "2018.01.24"]
[Round "8"]
[White "Colovic, Dusan"]
[Black "Dedebas, Emre Emin"]
[Result "1/2-1/2"]
[WhiteElo "2298"]
[BlackElo "2251"]
[PlyCount "84"]
[EventDate "2018.01.20"]
[EventType "tourn"]
[EventRounds "9"]
[EventCountry "SRB"]
[EventCategory "1"]
[SourceTitle "CBM 182 Extra"]
[Source "ChessBase"]
[SourceDate "2018.02.23"]
[SourceVersion "1"]
[SourceVersionDate "2018.02.23"]
[SourceQuality "1"]

1. e4 e5 2. Nf3 Nc6 3. Bc4 Bc5 4. 0-0 Nf6 5. d3 d6 6. Re1 h6 7. c3 0-0 8. Nbd2 a5 9. Bb3 Be6 10. Bc2 Qb8 11. Nf1 Qa7 12. Be3 Bxe3 13. Nxe3 Ne7 14. Nh4 Qb6 15. b3 Qc6 16. c4 Qc5 17. Nd5 Nexd5 18. exd5 Bg4 19. Qd2 Rfe8 20. h3 Bd7 21. Nf3 Qb4 22. a3 Qxd2 23. Nxd2 b5 24. a4 b4 25. d4 exd4 26. Nf3 Nh5 27. Nxd4 Nf4 28. Re3 g6 29. Rae1 Kg7 30. Kf1 Kf6 31. Re4 g5 32. h4 Ng6 33. hxg5+ hxg5 34. Rxe8 Rxe8 35. Rxe8 Bxe8 36. Bxg6 fxg6 37. Ke2 g4 38. Ke3 g5 39. Nb5 Bxb5 40. axb5 Ke7 41. Kd4 Kd7 42. Kd3 Kc8 1/2-1/2

[Event "Novi Sad TS 59th"]
[Site "Novi Sad"]
[Date "2018.01.23"]
[Round "5"]
[White "Colovic, Dusan"]
[Black "Popchev, Milko"]
[Result "1/2-1/2"]
[WhiteElo "2298"]
[BlackElo "2284"]
[PlyCount "83"]
[EventDate "2018.01.20"]
[EventType "tourn"]
[EventRounds "9"]
[EventCountry "SRB"]
[EventCategory "1"]
[SourceTitle "CBM 182 Extra"]
[Source "ChessBase"]
[SourceDate "2018.02.23"]
[SourceVersion "1"]
[SourceVersionDate "2018.02.23"]
[SourceQuality "1"]

1. d4 e6 2. Bf4 c5 3. e3 Nc6 4. c3 Nf6 5. Nd2 b6 6. h3 Bb7 7. Ngf3 d6 8. Be2 Be7 9. 0-0 0-0 10. a4 Re8 11. Nc4 cxd4 12. exd4 Bf8 13. a5 Nxa5 14. Nxa5 bxa5 15. Qa4 Nd5 16. Bc1 Qf6 17. Qxa5 Nf4 18. Bxf4 Qxf4 19. Qg5 Qxg5 20. Nxg5 h6 21. Nf3 e5 22. dxe5 dxe5 23. Ra5 Bxf3 24. Bxf3 e4 25. Bg4 Re7 26. Rfa1 Rb8 27. b4 Rbb7 28. R1a3 g6 29. Be2 Rec7 30. Rb5 Rxb5 31. Bxb5 a5 32. Rb3 axb4 33. cxb4 Bd6 34. g3 Rc2 35. Kf1 Bc7 36. Be2 Bb6 37. b5 Rc1+ 38. Kg2 Re1 39. Bf1 Rc1 40. Be2 Kf8 41. Rb4 Re1 42. Bf1 1/2-1/2

[Event "Novi Sad TS 59th"]
[Site "Novi Sad"]
[Date "2018.01.22"]
[Round "4"]
[White "Bertovic, Mile"]
[Black "Colovic, Dusan"]
[Result "1-0"]
[WhiteElo "2268"]
[BlackElo "2298"]
[PlyCount "71"]
[EventDate "2018.01.20"]
[EventType "tourn"]
[EventRounds "9"]
[EventCountry "SRB"]
[EventCategory "1"]
[SourceTitle "CBM 182 Extra"]
[Source "ChessBase"]
[SourceDate "2018.02.23"]
[SourceVersion "1"]
[SourceVersionDate "2018.02.23"]
[SourceQuality "1"]

1. e4 e6 2. d4 d5 3. Nd2 dxe4 4. Nxe4 Bd7 5. Bd3 Bc6 6. Nf3 Nd7 7. 0-0 Ngf6 8. Qe2 Be7 9. Ng3 0-0 10. Ne5 Nxe5 11. dxe5 Nd7 12. Rd1 Bg5 13. Bb5 Bxc1 14. Raxc1 Qe7 15. Bxc6 bxc6 16. Rd3 Rfd8 17. Qe3 Nb6 18. Qe4 Rd5 19. Rcd1 h6 20. c4 Rxd3 21. Rxd3 c5 22. h3 Rd8 23. b3 Kf8 24. Rxd8+ Qxd8 25. Qe3 Qe7 26. Ne4 Nd7 27. f4 g6 28. Qc3 g5 29. fxg5 hxg5 30. Qg3 g4 31. hxg4 Ke8 32. g5 Kd8 33. Nf6 Nxf6 34. gxf6 Qe8 35. Qe3 Qc6 36. Qf3 1-0

[Event "Novi Sad TS 59th"]
[Site "Novi Sad"]
[Date "2018.01.21"]
[Round "3"]
[White "Colovic, Dusan"]
[Black "Hereklioglu, Sude"]
[Result "1/2-1/2"]
[WhiteElo "2298"]
[BlackElo "2171"]
[PlyCount "125"]
[EventDate "2018.01.20"]
[EventType "tourn"]
[EventRounds "9"]
[EventCountry "SRB"]
[EventCategory "1"]
[SourceTitle "CBM 182 Extra"]
[Source "ChessBase"]
[SourceDate "2018.02.23"]
[SourceVersion "1"]
[SourceVersionDate "2018.02.23"]
[SourceQuality "1"]

1. d4 d5 2. Bf4 f5 3. e3 Nf6 4. Nf3 e6 5. c4 Bd6 6. Bxd6 Qxd6 7. Nc3 0-0 8. Ne5 Ne4 9. f4 c6 10. c5 Qe7 11. Nxe4 fxe4 12. b4 Nd7 13. Nxd7 Bxd7 14. Be2 g5 15. g3 gxf4 16. exf4 Kh8 17. Rb1 a6 18. a4 Qf6 19. Qd2 Be8 20. Qe3 Bg6 21. a5 Kg7 22. h4 h5 23. Kd2 Rh8 24. Kc3 Kf7 25. Kb3 Rag8 26. Ka3 Bf5 27. b5 axb5 28. Bxb5 cxb5 29. Rxb5 Ra8 30. Rxb7+ Kg6 31. Rb5 Ra6 32. Kb4 Rha8 33. Ra1 Qe7 34. Ra3 Qa7 35. Qc3 Rb8 36. Rb6 Raxb6+ 37. axb6 Rxb6+ 38. cxb6 Qxb6+ 39. Ka4 e5 40. Qb4 Qxb4+ 41. Kxb4 exd4 42. Kc5 d3 43. Ra6+ Kg7 44. Ra7+ Kf6 45. Ra6+ Be6 46. f5 Kxf5 47. Kd4 d2 48. Ra1 Kg4 49. Rd1 Kxg3 50. Rxd2 Bg4 51. Ke3 Be6 52. Kd4 Kf3 53. Ra2 Kg3 54. Ra6 Bf5 55. Rd6 Kxh4 56. Rxd5 Kg4 57. Ke3 h4 58. Rd1 Kg5 59. Rg1+ Kf6 60. Kf4 h3 61. Rh1 Bd7 62. Rxh3 Bxh3 63. Kxe4 1/2-1/2

[Event "Novi Sad TS 59th"]
[Site "Novi Sad"]
[Date "2018.01.20"]
[Round "1"]
[White "Colovic, Dusan"]
[Black "Nomin Erdene, Davaademberel"]
[Result "1-0"]
[WhiteElo "2298"]
[BlackElo "2356"]
[PlyCount "73"]
[EventDate "2018.01.20"]
[EventType "tourn"]
[EventRounds "9"]
[EventCountry "SRB"]
[EventCategory "1"]
[SourceTitle "CBM 182 Extra"]
[Source "ChessBase"]
[SourceDate "2018.02.23"]
[SourceVersion "1"]
[SourceVersionDate "2018.02.23"]
[SourceQuality "1"]

1. d4 f5 2. g3 Nf6 3. Bg2 g6 4. Nh3 Bg7 5. c3 Nc6 6. Qb3 e6 7. Nf4 d5 8. Nd2 0-0 9. Nf3 a5 10. a4 Ne4 11. h4 Bf6 12. Nd3 b6 13. Bf4 Ba6 14. Nfe5 Ne7 15. Rd1 c5 16. dxc5 bxc5 17. Qa3 c4 18. Nc5 Nxc5 19. Qxc5 Re8 20. Qe3 Nc8 21. g4 Bb7 22. Qg3 Qe7 23. g5 Bxe5 24. Bxe5 Qf7 25. h5 Ne7 26. Bf3 f4 27. Qh2 Ra6 28. Rd4 Qf5 29. hxg6 Qxg6 30. Bh5 Qb1+ 31. Rd1 Qe4 32. Bxe8 Kf8 33. Qxh7 Kxe8 34. Qxe4 dxe4 35. Rh8+ Kf7 36. Rh7+ Ke8 37. Bf6 1-0

[Event "Vojvodina op 8th"]
[Site "Novi Sad"]
[Date "2017.07.17"]
[Round "2"]
[White "Peycheva, Gergana"]
[Black "Colovic, Dusan"]
[Result "1-0"]
[WhiteElo "2161"]
[BlackElo "2313"]
[PlyCount "81"]
[EventDate "2017.07.16"]
[EventType "swiss"]
[EventRounds "9"]
[EventCountry "SRB"]
[SourceTitle "EXT 2018"]
[Source "ChessBase"]
[SourceDate "2017.10.13"]
[SourceVersion "1"]
[SourceVersionDate "2017.10.13"]
[SourceQuality "1"]

1. d4 d5 2. c4 e6 3. Nc3 c6 4. e3 f5 5. Nf3 Nd7 6. Bd3 Nh6 7. b3 Bd6 8. Bb2 0-0 9. Ne2 Qf6 10. 0-0 g5 11. a3 Ng4 12. Re1 Rf7 13. Ng3 Qh6 14. Nf1 Qg7 15. b4 a6 16. Qd2 Ndf6 17. Re2 Ne4 18. Qe1 Bd7 19. h3 Ngxf2 20. Rxf2 Nxf2 21. Qxf2 g4 22. Ne5 Bxe5 23. dxe5 gxh3 24. g3 Raf8 25. Kh2 Qg6 26. Nd2 Rg7 27. Nf3 h6 28. Bd4 Kh8 29. Rg1 Rfg8 30. Be2 Qe8 31. Nh4 Rg5 32. Qf4 Kh7 33. Kxh3 dxc4 34. Bxc4 c5 35. Bxc5 Rg4 36. Qf1 Qh5 37. Be7 Bc6 38. Bxe6 f4 39. Qd3+ R8g6 40. exf4 Bb5 41. Qc2 1-0